| 000 | 00725nam a2200181Ia 4500 | ||
|---|---|---|---|
| 003 | LK-CoDNM | ||
| 008 | 010623t2003 xxu||||| |||| 00| 1 sin d | ||
| 040 |
_aLK-CoDNM _dLK-CoDNM _eLK-CoDNM |
||
| 041 | _asin | ||
| 080 | _aX 32 FED | ||
| 245 | _aෆෙඩරල් අණ්ඬු කර්මයක් තුල උතුරු සහ නැගෙනහිර සිංහල ජනතාවට අත්වන ඛේදජනක ඉරණම | ||
| 246 | _aFederal Andukramayak thula Uthuru saha Negenahira Sinhala Janathaawata athvana Kedajanaka Iranama | ||
| 260 |
_bSinhala Jaathika Sangamaya _c2003 |
||
| 300 | _b34p,map., 28 100: 955-8552-02-X cm | ||
| 650 | _aConstitution | ||
| 650 | _aPolitics | ||
| 942 | _cBK | ||
| 999 |
_c123339 _d123339 |
||